| 000 | 00647nam a22001937a 4500 | ||
|---|---|---|---|
| 005 | 20251108172536.0 | ||
| 008 | 250721s9999 xx 000 0 ara d | ||
| 082 | 1 | 4 | _aم.417.9566راب |
| 100 | 1 | _aرابين، تشيم | |
| 245 | 1 | 0 | _aلهجات الهربية القديمة في غرب الجزيرة العربية / |
| 264 | 1 |
_aبيروت : _bالمؤسسة العربية للدراسات، |
|
| 300 | _a438 ص | ||
| 650 | 1 | 7 | _aاللغة العربية |
| 650 | 1 | 7 | _aاللهجات |
| 650 | 1 | 7 | _aشبه الجزيرة العربية |
| 700 | 1 |
_aمجاهد، عبدالكريم _eمترجم |
|
| 942 |
_2ddc _cREF |
||
| 999 |
_c82071 _d82071 |
||